[Event "Foxwoods Open"]
[Site "Foxwoods"]
[Date "2007.04.05"]
[EventDate "2007.??.??"]
[Round "3"]
[Result "0-1"]
[White "Ray Robson"]
[Black "Eugene Perelshteyn"]
[WhiteElo "2332"]
[BlackElo "2609"]
[PlyCount "94"]

1. e4 c5 2. Nf3 g6 3. d4 cxd4 4. Nxd4 Nc6 5. Nc3 Bg7 6. Be3
Nf6 7. Bc4 O-O 8. Bb3 a5 9. a4 Ng4 10. Qxg4 Nxd4 11. Qh4 Nxb3
12. cxb3 Ra6 13. O-O Re6 14. Rad1 b6 15. Bd4 Bb7 16. Bxg7 Kxg7
17. Rfe1 Qc7 18. h3 d6 19. f4 Qc5+ 20. Kh2 Qb4 21. Nd5 Bxd5
22. exd5 Rxe1 23. Rxe1 Qxb3 24. Qxe7 Qxd5 25. f5 Qxf5 26. Qxd6
Qf6 27. Qxf6+ Kxf6 28. Rc1 Re8 29. Rc7 Re4 30. Rc6+ Re6
31. Rc7 h5 32. Rb7 h4 33. b3 g5 34. Kg1 Kg6 35. Kf2 f6 36. Kf3
Kf5 37. Rb8 Rc6 38. Ke2 Kf4 39. Kf2 Rc2+ 40. Kf1 Kg3 41. Rxb6
Rf2+ 42. Ke1 Kxg2 43. Ra6 g4 44. hxg4 h3 45. Rxa5 f5 46. Ra8
fxg4 47. Rh8 Rb2 0-1

[Event "Foxwoods Open"]
[Site "Foxwoods"]
[Date "2007.04.06"]
[EventDate "2007.??.??"]
[Round "4"]
[Result "0-1"]
[White "Jay R Bonin"]
[Black "Ray Robson"]
[WhiteElo "2421"]
[BlackElo "2332"]
[PlyCount "54"]

1. d4 d5 2. Nf3 Nf6 3. c4 e6 4. Nc3 c6 5. Bg5 dxc4 6. e4 b5
7. e5 h6 8. Bh4 g5 9. Nxg5 hxg5 10. Bxg5 Nbd7 11. g3 Rg8
12. Bxf6 Nxf6 13. exf6 Qxf6 14. Bg2 Bb7 15. a4 O-O-O 16. axb5
cxb5 17. Bxb7+ Kxb7 18. Nxb5 Bb4+ 19. Kf1 a5 20. Kg2 Rg5
21. Qa4 Kb6 22. Na7 Qf4 23. h4 Qe4+ 24. Kg1 Rxg3+ 25. fxg3
Qxd4+ 26. Kh2 Qf2+ 27. Kh3 Qf5+ 0-1

[Event "Foxwoods Open"]
[Site "Foxwoods"]
[Date "2007.04.06"]
[EventDate "2007.??.??"]
[Round "5"]
[Result "0-1"]
[White "Joseph M Bradford"]
[Black "Ray Robson"]
[WhiteElo "2475"]
[BlackElo "2332"]
[PlyCount "54"]

1. Nf3 d5 2. d4 Nf6 3. c4 e6 4. g3 dxc4 5. Qa4+ Nbd7 6. Bg2 a6
7. Qxc4 b5 8. Qc2 Bb7 9. O-O c5 10. Rd1 Rc8 11. Qd2 Qb6
12. Nc3 cxd4 13. Nxd4 Bxg2 14. Kxg2 Bc5 15. f3 Ne5 16. Nb3 Nc4
17. Qe1 Be3 18. Rd3 Bxc1 19. Qxc1 O-O 20. Rb1 b4 21. Na4 Qb5
22. Nbc5 Ne5 23. Rd2 Nfd7 24. Rc2 Nxc5 25. Nxc5 Rxc5 26. Rxc5
Qxe2+ 27. Kh3 Nd3 0-1

[Event "Foxwoods Open"]
[Site "Foxwoods"]
[Date "2007.04.07"]
[EventDate "2007.??.??"]
[Round "6"]
[Result "0-1"]
[White "Ray Robson"]
[Black "Alexander Stripunsky"]
[WhiteElo "2332"]
[BlackElo "2638"]
[PlyCount "80"]

1. e4 c5 2. Nf3 e6 3. d4 cxd4 4. Nxd4 a6 5. Bd3 Qc7 6. O-O Nf6
7. Qe2 d6 8. c4 g6 9. Nc3 Bg7 10. Rd1 O-O 11. Nf3 Ng4 12. Bf4
Ne5 13. Rac1 Nbc6 14. Bb1 Rd8 15. Nd5 exd5 16. cxd5 Bg4
17. Qe3 Bxf3 18. gxf3 Qe7 19. dxc6 bxc6 20. Bg3 c5 21. b3 a5
22. f4 Nc6 23. Bd3 Nd4 24. Bc4 Re8 25. Bd5 Rab8 26. Kg2 Qd7
27. Qd3 Rb4 28. Re1 a4 29. bxa4 Qxa4 30. e5 dxe5 31. Rxc5 Rd8
32. Bh4 Ne6 33. Kh1 Nxc5 34. Bxf7+ Kxf7 35. Qxd8 Qd7 36. Qa5
Nd3 37. Rd1 Nxf2+ 38. Kg2 Nxd1 39. Qxb4 Ne3+ 40. Kf3 Nd5 0-1

[Event "Foxwoods Open"]
[Site "Foxwoods"]
[Date "2007.04.07"]
[EventDate "2007.??.??"]
[Round "7"]
[Result "0-1"]
[White "Ray Robson"]
[Black "Dashzeveg Sharavdorj"]
[WhiteElo "2332"]
[BlackElo "2522"]
[PlyCount "110"]

1. e4 e6 2. d4 d5 3. Nd2 c5 4. exd5 exd5 5. Ngf3 Nf6 6. Bb5+
Bd7 7. Bxd7+ Nbxd7 8. O-O Be7 9. c4 O-O 10. b3 Nb6 11. dxc5
Bxc5 12. Bb2 dxc4 13. Rc1 Rc8 14. Nxc4 Ne4 15. Qxd8 Rfxd8
16. Nxb6 Bxb6 17. Bd4 Bxd4 18. Rxc8 Bxf2+ 19. Rxf2 Rxc8
20. Re2 Rc1+ 21. Ne1 f5 22. g4 Ng5 23. Kf2 fxg4 24. Re7 Nf3
25. Nxf3 Rc2+ 26. Kg3 gxf3 27. Rxb7 f2 28. Kg2 Rxa2 29. h4 h5
30. Rb5 g6 31. Rb7 a5 32. Ra7 g5 33. Ra8+ Kg7 34. Ra7+ Kg6
35. Ra6+ Kf5 36. b4 a4 37. Ra5+ Kg4 38. Rxg5+ Kxh4 39. Rg8 Rb2
40. Ra8 Rxb4 41. Kxf2 Kg5 42. Rg8+ Kf4 43. Rf8+ Ke4 44. Re8+
Kd4 45. Rd8+ Kc3 46. Ke3 a3 47. Rd3+ Kb2 48. Rd2+ Kb3 49. Rd3+
Ka4 50. Rd2 h4 51. Kd3 Kb3 52. Ke3 a2 53. Rd3+ Kb2 54. Rd2+
Ka3 55. Rd1 Rb1 0-1

[Event "Foxwoods Open"]
[Site "Foxwoods"]
[Date "2007.04.08"]
[EventDate "2007.??.??"]
[Round "8"]
[Result "0-1"]
[White "Renard W Anderson"]
[Black "Ray Robson"]
[WhiteElo "2224"]
[BlackElo "2332"]
[PlyCount "90"]

1. e4 c5 2. Nf3 d6 3. d4 cxd4 4. Nxd4 Nf6 5. Nc3 e6 6. Be2 Be7
7. O-O O-O 8. f4 Nc6 9. Kh1 a6 10. a4 Qc7 11. Nb3 b6 12. Bf3
Bb7 13. g4 d5 14. e5 Nxg4 15. Bxg4 d4 16. Ne4 Nxe5 17. fxe5
Bxe4+ 18. Kg1 Bxc2 19. Qf3 d3 20. Nd4 Qxe5 21. Nxc2 dxc2
22. Qf4 Qxf4 23. Bxf4 Bc5+ 24. Kg2 Bd4 25. Ra2 Rac8 26. Rc1 f5
27. Be2 e5 28. Bd2 e4 29. Bxa6 Rc6 30. b3 Rg6+ 31. Kh1 f4
32. Raxc2 f3 33. Bc4+ Kh8 34. Bc3 Be3 35. Bd2 Bc5 36. b4 Bf2
37. Rf1 e3 38. Bxe3 Bxe3 39. Bd3 Rg5 40. Be4 f2 41. Bg2 h6
42. Rc4 Bd2 43. Rd4 Be1 44. Re4 Rf6 45. Rfxe1 Rfg6 0-1

[Event "Foxwoods Open"]
[Site "Foxwoods"]
[Date "2007.04.08"]
[EventDate "2007.??.??"]
[Round "9"]
[Result "0-1"]
[White "Ray Robson"]
[Black "Justin Sarkar"]
[WhiteElo "2332"]
[BlackElo "2438"]
[PlyCount "96"]

1. e4 c5 2. Nf3 d6 3. d4 Nf6 4. Nc3 cxd4 5. Nxd4 a6 6. Be2 e5
7. Nb3 Be7 8. Be3 Be6 9. Nd5 Nbd7 10. Qd3 Bxd5 11. exd5 O-O
12. O-O Nc5 13. Nxc5 dxc5 14. c4 e4 15. Qc2 Qc7 16. g3 Rae8
17. Rad1 Bd6 18. Bd2 Nd7 19. Bc3 f5 20. f4 exf3 21. Bxf3 g6
22. Kg2 Ne5 23. Bxe5 Bxe5 24. Qb3 Re7 25. Rf2 Bd6 26. Rdd2
Rfe8 27. Rfe2 Rxe2+ 28. Rxe2 Rxe2+ 29. Bxe2 Qe7 30. Bf3 g5
31. g4 h5 32. gxf5 g4 33. Bd1 Qe4+ 34. Kf1 Qh1+ 35. Ke2 Qxh2+
36. Kd3 Qg3+ 37. Kc2 Qxb3+ 38. Kxb3 Kf7 39. Ka4 Kf6 40. Ka5
Bc7+ 41. Ka4 Kxf5 42. b4 b6 43. bxc5 bxc5 44. d6 Bb6 45. Ka3
h4 46. Ba4 Kf4 47. Bc6 g3 48. Bb7 h3 0-1

[Event "US Championships"]
[Site "Stillwater USA"]
[Date "2007.05.15"]
[EventDate "2007.05.15"]
[Round "1"]
[Result "1-0"]
[White "Sergey Kudrin"]
[Black "Ray Robson"]
[WhiteElo "2556"]
[BlackElo "2293"]
[PlyCount "49"]

1. e4 c5 2. Nf3 d6 3. d4 cxd4 4. Nxd4 Nf6 5. Nc3 e6 6. g4 h6
7. h3 a6 8. Bg2 Qc7 9. f4 b5 10. O-O Bb7 11. g5 hxg5 12. fxg5
b4 13. Nd5 Nxd5 14. exd5 e5 15. g6 Qc5 16. Be3 exd4 17. Bxd4
Qb5 18. a4 Qa5 19. Qe2+ Kd8 20. Rxf7 Nd7 21. Qe3 b3 22. c3 Rc8
23. Re1 Kc7 24. Bb6+ Qxb6 25. Rxd7+ 1-0

[Event "US Championships"]
[Site "Stillwater USA"]
[Date "2007.05.16"]
[EventDate "2007.05.15"]
[Round "2"]
[Result "1/2-1/2"]
[White "Ray Robson"]
[Black "Joshua E Friedel"]
[WhiteElo "2293"]
[BlackElo "2474"]
[PlyCount "68"]

1. e4 e5 2. Nf3 Nc6 3. Bb5 Nf6 4. O-O Nxe4 5. d4 Nd6 6. Bxc6
dxc6 7. dxe5 Nf5 8. Qxd8+ Kxd8 9. Nc3 h6 10. h3 Bd7 11. b3 Kc8
12. Bb2 b6 13. Rad1 Ne7 14. Ne2 Ng6 15. Ne1 h5 16. f4 Nh4
17. f5 Bxf5 18. g3 Bxh3 19. gxh4 Bxf1 20. Kxf1 Be7 21. Nf3 a5
22. a4 b5 23. Ned4 bxa4 24. bxa4 Rb8 25. Nxc6 Rxb2 26. Nxe7+
Kb7 27. Rd5 Rxc2 28. Nd4 Rb2 29. Rxa5 Kb6 30. Nec6 Rh6 31. Ra8
Kc5 32. Ra5+ Kb6 33. Ra8 Kc5 34. Ra5+ Kb6 1/2-1/2

[Event "US Championships"]
[Site "Stillwater USA"]
[Date "2007.05.17"]
[EventDate "2007.05.15"]
[Round "3"]
[Result "1-0"]
[White "Robert Lee Hess"]
[Black "Ray Robson"]
[WhiteElo "2412"]
[BlackElo "2293"]
[PlyCount "83"]

1. e4 c5 2. Nc3 Nc6 3. g3 g6 4. Bg2 Bg7 5. d3 d6 6. f4 e6
7. Nf3 Nge7 8. O-O O-O 9. Bd2 Rb8 10. Rb1 b5 11. a3 a5 12. a4
b4 13. Nb5 Nd4 14. c4 Nec6 15. Be3 Nxf3+ 16. Bxf3 Ba6 17. Re1
Qd7 18. Bg2 Rfe8 19. Kh1 Rbd8 20. Qf3 Bb7 21. Qf2 Qc8 22. Rbd1
Ba6 23. e5 dxe5 24. Bxc5 exf4 25. gxf4 Bxb5 26. axb5 Bd4
27. Bxd4 Nxd4 28. b6 Qc5 29. b7 f6 30. Re4 Nb3 31. Qe1 Kf7
32. d4 Qb6 33. c5 Qc7 34. Qe3 a4 35. f5 gxf5 36. Qh6 Kg8
37. Rg1 Kh8 38. Qxf6+ Qg7 39. Rxe6 Qxf6 40. Rxf6 Nxd4 41. c6
Re7 42. Rd6 1-0

[Event "US Championships"]
[Site "Stillwater USA"]
[Date "2007.05.19"]
[EventDate "2007.05.15"]
[Round "5"]
[Result "0-1"]
[White "Ray Robson"]
[Black "Michael Mulyar"]
[WhiteElo "2293"]
[BlackElo "2376"]
[PlyCount "90"]

1. e4 e6 2. d4 d5 3. Nd2 Nf6 4. e5 Nfd7 5. Bd3 c5 6. c3 Nc6
7. Ne2 cxd4 8. cxd4 f6 9. Nf4 Nxd4 10. Qh5+ Ke7 11. exf6+ Nxf6
12. Ng6+ hxg6 13. Qxh8 Kf7 14. Qh4 e5 15. Nf3 Nxf3+ 16. gxf3
Bf5 17. Bxf5 gxf5 18. Bg5 Qa5+ 19. Kf1 Be7 20. Kg2 d4 21. Rhe1
Rd8 22. Rac1 d3 23. Bxf6 Bxf6 24. Qc4+ Kg6 25. Red1 e4
26. fxe4 Rd4 27. Qc8 fxe4 28. Rc5 Qd8 29. Qf5+ Kf7 30. Re5 Qd6
31. Rxe4 Qc6 32. Kf3 g6 33. Qg4 d2 34. Ke3 Rd6 35. Rxd2 Qc1
36. Qe2 Qc5+ 37. Kf3 Qf5+ 38. Ke3 Qh3+ 39. f3 Bg5+ 40. Rf4+
Bxf4+ 41. Kxf4 Qh6+ 42. Kg4 Qxd2 43. Qc4+ Qd5 44. Qc7+ Rd7
45. Qf4+ Qf5+ 0-1

[Event "US Championships"]
[Site "Stillwater USA"]
[Date "2007.05.20"]
[EventDate "2007.05.15"]
[Round "6"]
[Result "0-1"]
[White "Iryna Zenyuk"]
[Black "Ray Robson"]
[WhiteElo "2177"]
[BlackElo "2293"]
[PlyCount "90"]

1. d4 d5 2. Nf3 Nf6 3. c4 e6 4. Nc3 c6 5. Bg5 dxc4 6. e4 b5
7. e5 h6 8. Bh4 g5 9. Nxg5 hxg5 10. Bxg5 Nbd7 11. g3 Rg8
12. h4 Rxg5 13. hxg5 Nd5 14. g6 fxg6 15. Qg4 Qe7 16. Bg2 Ba6
17. Qxg6+ Qf7 18. Be4 Bb4 19. O-O-O Qxg6 20. Bxg6+ Kd8
21. Rh8+ Nf8 22. Ne4 Kd7 23. Bf7 Bb7 24. Ng5 a5 25. Rh6 Nc7
26. f4 Be7 27. g4 a4 28. Ne4 a3 29. f5 axb2+ 30. Kxb2 Nd5
31. Nc5+ Bxc5 32. dxc5 c3+ 33. Kb3 Ra4 34. Bxe6+ Nxe6 35. Rxe6
Rb4+ 36. Kc2 Rb2+ 37. Kc1 Rxa2 38. Rh6 Kc7 39. Rh7+ Kb8
40. Rxd5 cxd5 41. e6 b4 42. e7 Bc6 43. Rh3 Ba4 44. Kb1 c2+
45. Kxa2 c1=Q 0-1

[Event "US Championships"]
[Site "Stillwater USA"]
[Date "2007.05.21"]
[EventDate "2007.05.15"]
[Round "7"]
[Result "1-0"]
[White "Ray Robson"]
[Black "Justin Sarkar"]
[WhiteElo "2293"]
[BlackElo "2418"]
[PlyCount "117"]

1. e4 g6 2. d4 Bg7 3. Nc3 d6 4. f4 a6 5. Nf3 b5 6. e5 Nd7
7. Bd3 c5 8. Be4 Rb8 9. O-O cxd4 10. Nxd4 dxe5 11. Nc6 Qb6+
12. Kh1 Ngf6 13. Nxb8 Qxb8 14. Bc6 O-O 15. fxe5 Nxe5 16. Bf3
Nxf3 17. Qxf3 Bb7 18. Qe2 b4 19. Bf4 Qc8 20. Nd1 Nd5 21. a3
Bc6 22. Qf2 Bb5 23. Re1 Nxf4 24. Qxf4 bxa3 25. Rxa3 Qxc2
26. Qe4 Qxe4 27. Rxe4 Rd8 28. Ra1 Rd2 29. Rxe7 Bc6 30. Ne3 Bd4
31. Rc7 Be4 32. Re7 f5 33. Rc1 Kf8 34. Rxh7 Bb6 35. Rc8+ Bd8
36. h3 f4 37. Nc4 Rd1+ 38. Kh2 g5 39. Ra7 Ke8 40. Rb8 Rd7
41. Rxa6 Ke7 42. Rd6 Rxd6 43. Nxd6 Bd5 44. Nf5+ Kd7 45. Rb5
Kc6 46. Nd4+ Kd6 47. Nf3 Kc6 48. Rb8 Bf6 49. b4 Be7 50. b5+
Kc5 51. b6 Bd6 52. Rd8 Bb7 53. Nxg5 f3+ 54. Rxd6 Kxd6 55. gxf3
Kc5 56. h4 Kxb6 57. h5 Bc8 58. h6 Bf5 59. h7 1-0

[Event "US Championships"]
[Site "Stillwater USA"]
[Date "2007.05.23"]
[EventDate "2007.05.15"]
[Round "9"]
[Result "1-0"]
[White "David Pruess"]
[Black "Ray Robson"]
[WhiteElo "2408"]
[BlackElo "2293"]
[PlyCount "101"]

1. d4 d5 2. c4 e6 3. Nc3 c6 4. e4 dxe4 5. Nxe4 Bb4+ 6. Bd2
Qxd4 7. Bxb4 Qxe4+ 8. Ne2 Na6 9. Bf8 Ne7 10. Bxg7 Nb4 11. Qd6
Nd3+ 12. Kd2 Nf5 13. Qxd3 Qxd3+ 14. Kxd3 Nxg7 15. Ng3 c5
16. Be2 Bd7 17. Bf3 O-O-O 18. Kc3 Kc7 19. Rhe1 Bc6 20. Bxc6
Kxc6 21. Rad1 b6 22. a3 Rxd1 23. Rxd1 Ne8 24. b4 Nd6 25. Re1
Rg8 26. f3 h5 27. Re2 h4 28. Nh5 Nf5 29. Nf4 Nd4 30. Re5 f5
31. bxc5 bxc5 32. Nd3 Kd6 33. Rxc5 Ne2+ 34. Kb4 Rxg2 35. Ra5
Rxh2 36. c5+ Ke7 37. Rxa7+ Kf6 38. Rd7 Rg2 39. c6 Rg8 40. f4
h3 41. Rh7 e5 42. Rh6+ Kg7 43. Rxh3 exf4 44. Kc5 Kf6 45. c7
Ke6 46. Kb6 Nd4 47. Nxf4+ Ke5 48. Rh8 Rxh8 49. Ng6+ Ke6
50. Nxh8 Kd7 51. Kb7 1-0

[Event "World Open"]
[Site "King of Prussia USA"]
[Date "2007.07.02"]
[EventDate "2007.06.28"]
[Round "5"]
[Result "1/2-1/2"]
[White "Ray Robson"]
[Black "Joshua E Friedel"]
[WhiteElo "2378"]
[BlackElo "2542"]
[PlyCount "90"]

1. e4 e5 2. Nf3 Nc6 3. Bb5 a6 4. Ba4 Nf6 5. O-O Be7 6. Re1 d6
7. c3 Bg4 8. h3 Bh5 9. d3 Nd7 10. Nbd2 Nc5 11. Bc2 Ne6 12. Nf1
Ng5 13. N1h2 Nxf3 14. Nxf3 O-O 15. g4 Bg6 16. Qe2 h5 17. Nh2
hxg4 18. hxg4 Bg5 19. Nf3 Bxc1 20. Raxc1 Qf6 21. Kg2 Nd8
22. Bb3 Ne6 23. Bxe6 Qxe6 24. Nh4 d5 25. Rh1 dxe4 26. dxe4
Rfd8 27. Rh3 Kf8 28. b3 Ke7 29. Re1 Rh8 30. Reh1 Rhe8 31. Rg3
Qc6 32. Nf5 Bxf5 33. gxf5 Rh8 34. Rd1 Rad8 35. Rxd8 Kxd8
36. Rxg7 Qh6 37. Qg4 Qh1 38. Kg3 Qg1 39. Kf3 Qd1 40. Kg2 Qh1
41. Kg3 Ke7 42. f6 Kd6 43. Rxf7 Qg1 44. Kf3 Qd1 45. Kg3 Qg1
1/2-1/2

[Event "World Open"]
[Site "King of Prussia USA"]
[Date "2007.07.03"]
[EventDate "2007.06.28"]
[Round "7"]
[Result "1-0"]
[White "Ray Robson"]
[Black "Robert Akopian"]
[WhiteElo "2378"]
[BlackElo "2210"]
[PlyCount "98"]

1. e4 c5 2. Nf3 d6 3. d4 cxd4 4. Nxd4 Nf6 5. Nc3 a6 6. Be3 e5
7. Nb3 Be6 8. Qd2 Nbd7 9. f4 Qc7 10. O-O-O Be7 11. f5 Bc4
12. g4 h6 13. Bxc4 Qxc4 14. Qg2 b5 15. Kb1 b4 16. Nd2 Qc7
17. Nd5 Nxd5 18. exd5 Bg5 19. Bxg5 hxg5 20. Ne4 f6 21. c3 b3
22. axb3 Rh4 23. Kc2 Nc5 24. Nd2 Qb7 25. b4 Nd7 26. Ra1 Rc8
27. Qe2 Nb8 28. Qe4 Rh3 29. Rag1 Nd7 30. Rg3 Rh8 31. Rd3 Rb8
32. Nc4 Qc7 33. h4 Rc8 34. Na5 gxh4 35. Rdh3 Qa7 36. Qf3 Kf7
37. Rxh4 e4 38. Qxe4 Qf2 39. Kb3 Rhe8 40. Qb1 Nc5 41. Ka3 Ne4
42. R4h3 Qf4 43. Qf1 Qd2 44. Qxa6 Qxd5 45. Rd3 Qa8 46. Qxa8
Rxa8 47. Rd4 Re5 48. Kb3 Rc8 49. Nc4 Rc6 1-0

[Event "World Open"]
[Site "King of Prussia USA"]
[Date "2007.07.04"]
[EventDate "2007.06.28"]
[Round "8"]
[Result "1/2-1/2"]
[White "Amon Simutowe"]
[Black "Ray Robson"]
[WhiteElo "2460"]
[BlackElo "2378"]
[PlyCount "114"]

1. c4 e6 2. d4 d5 3. Nc3 c6 4. e3 Nf6 5. Qc2 Nbd7 6. h3 Bd6
7. cxd5 exd5 8. g4 h6 9. Nge2 Nf8 10. f4 g6 11. Bg2 h5 12. g5
Ng8 13. Bd2 Bf5 14. e4 dxe4 15. Bxe4 Ne7 16. d5 Bxe4 17. Qxe4
Nh7 18. dxc6 bxc6 19. f5 O-O 20. fxg6 Nxg6 21. O-O-O Nxg5
22. Qf5 Ne6 23. Bh6 Rb8 24. Rhg1 Ng7 25. Rxg6 fxg6 26. Qxg6
Qf6 27. Rxd6 Qxg6 28. Rxg6 Kh7 29. Rxc6 Rf1 30. Kc2 Nf5
31. Bd2 Re8 32. Rc7 Re7 33. Rxe7 Nxe7 34. Ng3 Rf3 35. Nxh5
Rxh3 36. Nf4 Rf3 37. Nce2 Nf5 38. a4 Kg8 39. Ne6 Rf2 40. N6d4
Ne7 41. Kd3 Kf7 42. Bb4 Nc8 43. Bc5 Ke8 44. Nb5 Rf3 45. Kc4
Nb6 46. Kb4 a5 47. Kxa5 Nc4 48. Kb4 Nxb2 49. Ned4 Nd3 50. Kc4
Nb2 51. Kb4 Nd3 52. Kc4 Nb2 53. Kd5 Nxa4 54. Nd6 Kd7 55. Nxf3
Nxc5 56. Ne5 Ke7 57. Kxc5 Ke6 1/2-1/2

[Event "UTD GM Invitational"]
[Site "Richardson"]
[Date "2007.12.06"]
[EventDate "?"]
[Round "1"]
[Result "0-1"]
[White "Dmitry Schneider"]
[Black "Ray Robson"]
[WhiteElo "2502"]
[BlackElo "2368"]
[PlyCount "150"]

1.d4 d5 2.Bg5 h6 3.Bh4 c6 4.e3 Qb6 5.Nd2 Bf5 6.Bd3 Bxd3 7.cxd3
Nd7 8.Ngf3 e6 9.O-O Be7 10.Rb1 a5 11.Qe2 Bxh4 12.Nxh4 Ne7
13.a3 O-O 14.f4 c5 15.dxc5 Nxc5 16.d4 Nd7 17.f5 exf5 18.Nxf5
Nxf5 19.Rxf5 Qe6 20.Qf3 Nf6 21.Re5 Qd6 22.Rf1 Rac8 23.Qf5 Qb6
24.b3 Qd6 25.g4 Qxa3 26.g5 hxg5 27.Qxg5 Rc2 28.Nf3 Rc1 29.Ne1
Qxb3 30.e4 Qc3 31.exd5 Qxd4 32.Kh1 Ne4 33.Qf5 Nd6 34.Qh5 g6
35.Qg5 Ne4 36.Qe7 Qc4 37.Ref5 Nc3 38.d6 Qe4 39.Qxe4 Nxe4
40.Rxa5 Nxd6 41.Kg1 b6 42.Ra6 Rb8 43.Nd3 Rxf1 44.Kxf1 Nc4
45.Ra7 b5 46.Nb4 Rd8 47.Rb7 Rd1 48.Kf2 Rd2 49.Kg3 Nd6 50.Rb6
Rd4 51.Nc6 Nf5 52.Kf3 Rd2 53.Rxb5 Rxh2 54.Rb7 Rc2 55.Ne5 Nh6
56.Ke4 Kg7 57.Ra7 Re2 58.Kd5 g5 59.Ra4 Rd2 60.Ke4 Rf2 61.Ke3
Rf5 62.Nf3 Rb5 63.Kf2 Kg6 64.Ra1 f5 65.Rg1 Rb2 66.Ke3 Ng4
67.Kd4 Rf2 68.Ne1 Rd2 69.Kc3 Rd1 70.Nf3 Rxg1 71.Nxg1 f4 72.Kd3
Kf5 73.Ke2 Ne5 74.Kf2 g4 75.Kg2 Nd3 0-1

[Event "UTD GM Invitational"]
[Site "Richardson"]
[Date "2007.12.07"]
[EventDate "?"]
[Round "2"]
[Result "1-0"]
[White "Ray Robson"]
[Black "Magesh Chandran Panchanathan"]
[WhiteElo "2368"]
[BlackElo "2500"]
[PlyCount "93"]

1.e4 e5 2.Nf3 Nc6 3.Bb5 a6 4.Ba4 Nf6 5.O-O Be7 6.Re1 b5 7.Bb3
d6 8.c3 O-O 9.h3 Na5 10.Bc2 c5 11.d4 Qc7 12.Nbd2 cxd4 13.cxd4
Bb7 14.d5 Rac8 15.Bd3 Nd7 16.Nf1 f5 17.Ng3 f4 18.Nf5 Bd8 19.b3
g6 20.Nh6 Kg7 21.Ng4 h5 22.Ngh2 Qb6 23.Bd2 Rf7 24.Bb4 Rb8
25.Qd2 Bc8 26.Rac1 Nf8 27.Qb2 Bd7 28.Nxe5 dxe5 29.Bxa5 Qf6
30.Bc7 Bxc7 31.Rxc7 g5 32.Be2 Kh6 33.Rec1 Qg7 34.Qd2 Nh7
35.Nf3 g4 36.Rxd7 gxf3 37.Rd6 Kg5 38.Bxf3 Kh4 39.Kh2 Nf6
40.Rcc6 Rg8 41.Kg1 Qg5 42.g3 fxg3 43.Qxg5 Kxg5 44.h4 Kg6
45.fxg3 Kg7 46.Kg2 Rgf8 47.Re6 1-0

[Event "UTD GM Invitational"]
[Site "Richardson"]
[Date "2007.12.08"]
[EventDate "?"]
[Round "4"]
[Result "1-0"]
[White "Ray Robson"]
[Black "Drasko Boskovic"]
[WhiteElo "2368"]
[BlackElo "2465"]
[PlyCount "71"]

1.e4 c5 2.Nf3 Nc6 3.d4 cxd4 4.Nxd4 Qc7 5.Nc3 e6 6.Be3 a6 7.f4
b5 8.Bd3 Bb7 9.Nb3 d6 10.Qf3 Nf6 11.O-O h5 12.f5 Ne5 13.Qh3
Nfg4 14.fxe6 fxe6 15.Bd4 Rh6 16.a4 b4 17.Ne2 Nc6 18.Kh1 Nxd4
19.Nbxd4 Qc5 20.c3 bxc3 21.bxc3 Bc8 22.e5 Nxe5 23.Be4 d5
24.Bc2 Qd6 25.Nf4 Bd7 26.Rae1 O-O-O 27.Nfxe6 Ng4 28.Nf5 Qb6
29.Ned4 Rh7 30.Rb1 Qa7 31.Qg3 Qc7 32.Bd3 Qxg3 33.Bxa6 Kc7
34.Rb7 Kc8 35.hxg3 h4 36.Rfb1 1-0

[Event "UTD GM Invitational"]
[Site "Richardson"]
[Date "2007.12.09"]
[EventDate "?"]
[Round "5"]
[Result "1-0"]
[White "Davorin Kuljasevic"]
[Black "Ray Robson"]
[WhiteElo "2464"]
[BlackElo "2368"]
[PlyCount "67"]

1.d4 d5 2.c4 e6 3.Nc3 c6 4.e4 dxe4 5.Nxe4 Bb4 6.Bd2 Qxd4
7.Bxb4 Qxe4 8.Be2 Na6 9.Bd6 Qxg2 10.Qd2 Nf6 11.Bf3 Qg6
12.O-O-O e5 13.Bxe5 O-O 14.Ne2 Qf5 15.Qe3 Nb4 16.Nd4 Nxa2
17.Kd2 Rd8 18.Ke2 Rxd4 19.Rxd4 Be6 20.Rg1 Nb4 21.Be4 Nxe4
22.Rxg7 Kf8 23.Rxe4 f6 24.Rg3 Nc2 25.Qd3 Qh5 26.Rf3 Bg4
27.Rxg4 Qxg4 28.Kd2 Ke8 29.Bxf6 Nd4 30.Bxd4 Rd8 31.Re3 Kf7
32.Rf3 Ke8 33.Qe2 Kd7 34.Rf7 1-0

[Event "UTD GM Invitational"]
[Site "Richardson"]
[Date "2007.12.10"]
[EventDate "?"]
[Round "6"]
[Result "1/2-1/2"]
[White "Alejandro Ramirez-Alvarez"]
[Black "Ray Robson"]
[WhiteElo "2505"]
[BlackElo "2368"]
[PlyCount "75"]

1.c4 e6 2.Nf3 d5 3.g3 Nf6 4.Bg2 dxc4 5.Qa4 Nbd7 6.Qxc4 a6
7.Qc2 c5 8.O-O b5 9.b3 Bb7 10.Bb2 Be7 11.d3 O-O 12.Nbd2 Rc8
13.Rac1 Nd5 14.Rfd1 Bf6 15.Ne4 Bxb2 16.Qxb2 Qe7 17.Ne5 Nxe5
18.Qxe5 Rfd8 19.Rd2 f6 20.Qb2 f5 21.Nc3 Nxc3 22.Qxc3 Bxg2
23.Kxg2 Rc6 24.Qe5 Rd5 25.Qe3 Qd6 26.Rdc2 a5 27.a4 b4 28.Rc4
e5 29.f4 Rc7 30.Qf2 exf4 31.gxf4 h6 32.h4 Kh7 33.h5 Kh8 34.Kf1
Kh7 35.Ke1 Re7 36.Kd2 Re4 37.Rxc5 Rxc5 38.Rxc5 1/2-1/2

[Event "UTD GM Invitational"]
[Site "Richardson"]
[Date "2007.12.10"]
[EventDate "?"]
[Round "7"]
[Result "1-0"]
[White "Ray Robson"]
[Black "Jacek Stopa"]
[WhiteElo "2368"]
[BlackElo "2410"]
[PlyCount "93"]

1.e4 c5 2.Nf3 d6 3.d4 cxd4 4.Nxd4 Nf6 5.Nc3 a6 6.Be2 e5 7.Nb3
Be7 8.Bg5 O-O 9.Bxf6 Bxf6 10.Qd3 Be6 11.Rd1 Be7 12.O-O Nd7
13.Nd5 Bxd5 14.Qxd5 Qc7 15.c3 b5 16.g3 Rfd8 17.Qd3 Nb6 18.Bf3
Rab8 19.Qb1 Bg5 20.Rfe1 g6 21.Na1 Qc5 22.Nc2 a5 23.Rd3 Rbc8
24.b4 axb4 25.Nxb4 Ra8 26.Bd1 Rd7 27.Bb3 h5 28.Kg2 Kg7 29.Rf1
Bf6 30.Qd1 Rh8 31.h4 Rc8 32.Rh1 Re8 33.g4 Rh8 34.Rg3 Kf8
35.Qf3 Bd8 36.gxh5 gxh5 37.Kh3 Ra7 38.Rhg1 Qc8 39.Kh2 Bxh4
40.Rh3 Bd8 41.Rxh5 Rxh5 42.Qxh5 Qc5 43.Nd3 Qxc3 44.Qh7 Ke8
45.Rg8 Kd7 46.Qxf7 Be7 47.Qe8 1-0

[Event "UTD GM Invitational"]
[Site "Richardson"]
[Date "2007.12.11"]
[EventDate "?"]
[Round "8"]
[Result "1-0"]
[White "John Bartholomew"]
[Black "Ray Robson"]
[WhiteElo "2435"]
[BlackElo "2368"]
[PlyCount "107"]

1.Nf3 d5 2.d4 Nf6 3.c4 e6 4.Nc3 c6 5.Bg5 h6 6.Bh4 dxc4 7.e4 g5
8.Bg3 b5 9.Be2 Bb7 10.O-O Nbd7 11.Ne5 Bg7 12.Nxd7 Nxd7 13.Bd6
a6 14.e5 Qb6 15.Bh5 c5 16.Qg4 O-O-O 17.dxc5 Nxc5 18.Bxf7 Rxd6
19.exd6 Qxd6 20.Rad1 Qe7 21.Bg6 Rf8 22.Qe2 Bxc3 23.bxc3 Qf6
24.Qe3 Na4 25.Be4 Bxe4 26.Qxe4 Kc7 27.Qe3 Kc6 28.Rd4 Nc5
29.Re1 Rf7 30.f3 Rf8 31.a4 Rd8 32.axb5 axb5 33.Red1 Rxd4
34.Rxd4 Qf5 35.Rd8 Qb1 36.Kf2 Nd3 37.Kg3 Qe1 38.Qxe1 Nxe1
39.Kf2 Nd3 40.Ke3 Nf4 41.g3 Nd5 42.Kd2 Kc5 43.Rc8 Kb6 44.Re8
Nc7 45.Rh8 Kc5 46.Rh7 Nd5 47.Rxh6 b4 48.cxb4 Kd4 49.Rxe6 c3
50.Kc2 Nxb4 51.Kb3 c2 52.Re1 Nd3 53.Re4 Kd5 54.Kxc2 1-0

[Event "UTD GM Invitational"]
[Site "Richardson"]
[Date "2007.12.12"]
[EventDate "?"]
[Round "9"]
[Result "0-1"]
[White "Ray Robson"]
[Black "Salvijus Bercys"]
[WhiteElo "2368"]
[BlackElo "2418"]
[PlyCount "128"]

1.e4 e5 2.Bc4 Nf6 3.d3 Nc6 4.Nc3 Na5 5.Nge2 Nxc4 6.dxc4 Bc5
7.O-O d6 8.Bg5 c6 9.Kh1 h6 10.Bxf6 Qxf6 11.f4 exf4 12.Nxf4 Qg5
13.Nd3 O-O 14.e5 Bf5 15.exd6 Bxd6 16.Qf3 Bg6 17.Ne4 Bxe4
18.Qxe4 Rae8 19.Qd4 Re2 20.Rf2 Be5 21.Nxe5 Qxe5 22.Qxe5 Rxe5
23.Rd2 Rfe8 24.Kg1 R8e7 25.a4 Re4 26.b3 h5 27.Rad1 f6 28.Rd7
Kf7 29.Rxe7 Kxe7 30.Kf2 Re5 31.g3 Kf7 32.Rd8 Re7 33.c5 Ke6
34.Rd6 Kf5 35.c4 a5 36.Rd8 Ke4 37.Ra8 Kd3 38.Rxa5 Re2 39.Kf1
Rb2 40.Ra8 Rxb3 41.Rh8 Kxc4 42.Rxh5 Rd3 43.Rh7 Rd7 44.Rh5 Kb4
45.h4 g6 46.Rh8 Rg7 47.Rf8 Kxa4 48.Rxf6 Kb5 49.Ke2 Kxc5 50.Kd3
b5 51.Kc3 b4 52.Kb3 Kb5 53.Rf4 c5 54.Rg4 Rf7 55.Rxg6 c4 56.Kc2
Rf2 57.Kc1 Rh2 58.Rg8 Ka4 59.g4 Rxh4 60.g5 Rg4 61.g6 Kb3 62.g7
c3 63.Kd1 c2 64.Kd2 Rg2 0-1

[Event "UTD GM Invitational"]
[Site "Richardson"]
[Date "2007.12.14"]
[EventDate "?"]
[Round "11"]
[Result "0-1"]
[White "Ray Robson"]
[Black "Zviad Izoria"]
[WhiteElo "2368"]
[BlackElo "2643"]
[PlyCount "96"]

1.e4 e6 2.d4 d5 3.Nc3 Nf6 4.Bg5 dxe4 5.Nxe4 Be7 6.Bxf6 gxf6
7.Nf3 f5 8.Ng3 c5 9.Qd2 cxd4 10.O-O-O Qd5 11.Kb1 Nc6 12.Nh5
Bd7 13.Nf4 Qd6 14.Bb5 e5 15.Ne2 O-O-O 16.c3 d3 17.Ng3 e4
18.Bxc6 bxc6 19.Nd4 Qg6 20.c4 Bc5 21.Nb3 Bb6 22.c5 Bc7 23.Qb4
Be6 24.Nd4 a5 25.Qa4 Rxd4 26.Qxd4 Rd8 27.Qa4 Bd5 28.Rhe1 e3
29.fxe3 f4 30.exf4 d2 31.Re4 Re8 32.f5 Rxe4 33.Nxe4 Qxf5
34.Rxd2 Bxe4 35.Ka1 Bxg2 36.a3 Bd5 37.h4 Qf4 38.Qc2 Qxh4
39.Rxd5 cxd5 40.Qf5 Kb8 41.Qd7 Qe1 42.Ka2 Qe6 43.Qb5 Ka7 44.b4
axb4 45.c6 d4 46.Kb2 bxa3 47.Kxa3 Bb6 48.Kb2 Qd6 0-1